<?xml version="1.0" encoding="UTF-8"?>
<record
    xmlns:xsi="http://www.w3.org/2001/XMLSchema-instance"
    xsi:schemaLocation="http://www.loc.gov/MARC21/slim http://www.loc.gov/standards/marcxml/schema/MARC21slim.xsd"
    xmlns="http://www.loc.gov/MARC21/slim">

  <leader>01218    a2200241   4500</leader>
  <controlfield tag="005">20080825172250.0</controlfield>
  <controlfield tag="008">080825t        xxu||||| |||| 00| 0 hin d</controlfield>
  <datafield tag="010" ind1=" " ind2=" ">
    <subfield code="a">HIN-83067</subfield>
  </datafield>
  <datafield tag="020" ind1=" " ind2=" ">
    <subfield code="c">100.00</subfield>
    <subfield code="a">9788190229937</subfield>
  </datafield>
  <datafield tag="035" ind1=" " ind2=" ">
    <subfield code="a">HN-55413</subfield>
  </datafield>
  <datafield tag="037" ind1=" " ind2=" ">
    <subfield code="b">&#x92A;&#x941;.&#x92A;&#x94D;&#x930;.&#x905;.&#x92A;&#x94D;&#x930; / &#x92A;&#x94D;&#x930;&#x915;&#x93E;</subfield>
  </datafield>
  <datafield tag="082" ind1=" " ind2=" ">
    <subfield code="a">822</subfield>
  </datafield>
  <datafield tag="100" ind1=" " ind2=" ">
    <subfield code="a">&#x92E;&#x939;&#x93E;&#x935;&#x940;&#x930; &#x92A;&#x94D;&#x930;&#x938;&#x93E;&#x926; &#x938;&#x93F;&#x902;&#x939;  '&#x92E;&#x93E;&#x927;&#x935;'</subfield>
  </datafield>
  <datafield tag="245" ind1=" " ind2=" ">
    <subfield code="a">&#x91A;&#x92E;&#x94D;&#x92C;&#x932; &#x92E;&#x947;&#x902; &#x92E;&#x902;&#x917;&#x932;&#x903; (&#x928;&#x93E;&#x91F;&#x915;-&#x938;&#x902;&#x917;&#x94D;&#x930;&#x939;) /</subfield>
    <subfield code="c">&#x92E;&#x939;&#x93E;&#x935;&#x940;&#x930; &#x92A;&#x94D;&#x930;&#x938;&#x93E;&#x926; &#x938;&#x93F;&#x902;&#x939; '&#x92E;&#x93E;&#x927;&#x935;'</subfield>
  </datafield>
  <datafield tag="246" ind1=" " ind2=" ">
    <subfield code="a">Chambal mein Mangal</subfield>
    <subfield code="b">by Mahavir Prasad Singh ' Madhav'</subfield>
  </datafield>
  <datafield tag="260" ind1=" " ind2=" ">
    <subfield code="a">&#x926;&#x93F;&#x932;&#x94D;&#x932;&#x940;</subfield>
    <subfield code="b">&#x92A;&#x94D;&#x930;&#x915;&#x93E;&#x936; &#x90F;&#x923;&#x94D;&#x921; &#x938;&#x902;&#x938;</subfield>
    <subfield code="c">2007</subfield>
  </datafield>
  <datafield tag="270" ind1=" " ind2=" ">
    <subfield code="a">&#x92C;&#x940;-203, &#x91A;&#x928;&#x94D;&#x926;&#x942; &#x928;&#x917;&#x930; &#x915;&#x930;&#x93E;&#x935;&#x932; &#x928;&#x917;&#x930; &#x930;&#x94B;&#x921;&#x93C;</subfield>
    <subfield code="b">&#x926;&#x93F;&#x932;&#x94D;&#x932;&#x940;</subfield>
    <subfield code="e">110094</subfield>
  </datafield>
  <datafield tag="300" ind1=" " ind2=" ">
    <subfield code="a">72&#x92A;&#x943;</subfield>
    <subfield code="c">22 &#x938;&#x947;&#x92E;&#x940; (&#x938;&#x91C;&#x93F;&#x932;&#x94D;&#x926;)</subfield>
  </datafield>
  <datafield tag="650" ind1=" " ind2=" ">
    <subfield code="a">&#x939;&#x93F;&#x928;&#x94D;&#x926;&#x940;  &#x928;&#x93E;&#x91F;&#x915;</subfield>
  </datafield>
  <datafield tag="650" ind1=" " ind2=" ">
    <subfield code="a">Hindi   Novel</subfield>
  </datafield>
  <datafield tag="942" ind1=" " ind2=" ">
    <subfield code="a">dpl</subfield>
    <subfield code="c">HN</subfield>
    <subfield code="k">822 / &#x92E;&#x939;&#x93E;&#x935;&#x940;</subfield>
    <subfield code="2">ddc</subfield>
    <subfield code="h">822 </subfield>
    <subfield code="m">&#x92E;&#x939;&#x93E;&#x935;&#x940;</subfield>
  </datafield>
  <datafield tag="999" ind1=" " ind2=" ">
    <subfield code="c">11596</subfield>
    <subfield code="d">11596</subfield>
  </datafield>
  <datafield tag="952" ind1=" " ind2=" ">
    <subfield code="0">0</subfield>
    <subfield code="1">0</subfield>
    <subfield code="4">0</subfield>
    <subfield code="7">0</subfield>
    <subfield code="a">DBAD</subfield>
    <subfield code="b">DBAD</subfield>
    <subfield code="d">0000-00-00</subfield>
    <subfield code="g">100.00</subfield>
    <subfield code="l">0</subfield>
    <subfield code="o">822  &#x92E;&#x939;&#x93E;&#x935;&#x940;</subfield>
    <subfield code="p">HN-55413</subfield>
    <subfield code="r">2008-09-15 00:00:00</subfield>
    <subfield code="t">1</subfield>
    <subfield code="u">12710</subfield>
    <subfield code="v">100.00</subfield>
    <subfield code="w">2008-09-15</subfield>
    <subfield code="y">HN</subfield>
  </datafield>
</record>
